Final College Football Rankings for 2024-25 Season - Statistics

General Stats
  • This quiz has been taken 63 times
  • The average score is 17 of 25
Answer Stats
Rank Answer % Correct
6 Ohio St
100%
3 Texas
98%
1 Oregon
96%
2 Georgia
92%
11 Alabama
90%
5 Notre Dame
90%
4 Penn St
88%
16 Clemson
86%
12 Arizona st
80%
9 Boise St
80%
7 Tennessee
78%
10 SMU
73%
8 Indiana
71%
14 Ole miss
65%
17 BYU
57%
23 Colorado
57%
18 Iowa st
57%
22 Army
49%
15 South Carolina
49%
19 Missouri
47%
20 Illinois
45%
21 Syracuse
37%
25 Memphis
33%
24 UNLV
29%
13 Miami FL
22%
No matching quizzes found
Score Distribution
Percent of People with Each Score
Percentile by Number Answered
Your Score History
You have not taken this quiz